000
00221nam a2200097Ia 4500
005
20251222114343.0
008
251222s1900||||xx |||||||||||||| ||spa||
082
_a
DVD0050/R34
245
0
_a
Cloverfield monstruoso:
942
_c
DVD
999
_c
951
_d
951